| 000 | 01084cam a2200313 a 4500 | ||
|---|---|---|---|
| 001 | 1199522 | ||
| 003 | OSt | ||
| 005 | 20240325150529.0 | ||
| 008 | 980715s1999 moua f 000 0 eng c | ||
| 010 | _a 98036345 | ||
| 020 | _a0815183976 | ||
| 040 |
_aDNLM/DLC _cDLC _dDLC |
||
| 050 | 0 | 0 |
_aR727.4 _b.F47 1999 |
| 060 | 1 | 0 |
_aW 49 _bF394 1999 |
| 082 | 0 | 0 | _aWB 18 F393 1999 |
| 245 | 0 | 0 |
_aFerri's patient teaching guides / _c[edited by] Fred F. Ferri. |
| 246 | 3 | 0 | _aPatient teaching guides |
| 250 | _a1st ed., 1999 ed. | ||
| 260 |
_aSt. Louis : _bMosby, _cc1999. |
||
| 300 |
_a1 v. (unpaged) : _bill. ; _c28 cm. |
||
| 650 | 0 |
_aPatient education _xHandbooks, manuals, etc. _916928 |
|
| 650 | 0 |
_aSelf-care, Health _xHandbooks, manuals, etc. _916929 |
|
| 650 | 1 | 2 |
_aPatient Education _vhandbooks. _916930 |
| 650 | 2 | 2 |
_aSelf Care _xmethods _vhandbooks. _916931 |
| 700 | 1 |
_aFerri, Fred F. _916932 |
|
| 906 |
_a7 _bcbu _corignew _d1 _eocip _f19 _gy-gencatlg |
||
| 942 |
_2lcc _cO_SHELF |
||
| 999 |
_c8282 _d8282 |
||